000 00355nam a22001577a 4500
005 20160530125758.0
008 160530b xxu||||| |||| 00| 0 eng d
020 _a81-7660-160-8
041 _aeng
082 _b6064
100 _aOk, Milind M
_91530
245 _aSupply Chain
260 _aPune
_bEPH,
_c2008
650 _aManagement
_9241
942 _cBK
999 _c2159
_d2158